• 首页
  • 本馆介绍
  • 公告通知
  • 最新文献
  • 馆藏检索
  • 电子资源
  • 读者导购
  • 参考咨询
  • 我的图书馆
  • 登录
  • 详细信息显示
  • 放入我的书架
  • 预约/预借图书
  • 作者相关作品
  • 分类相关作品
  • 丛书相关作品
  • 出版社相关作品

书目信息

  • 表格格式
  • 工作单格式
  • 卡片格式
题名:
欧亚译丛
    
 
作者: 余太山 , 李锦绣 主编
分册: 第四辑  
出版信息: 北京   商务印书馆  2018
页数: 348页
开本: 23cm
丛书名:
单 册:
中图分类: K107.8-53
科图分类:
主题词: 东方学--dong fang xue--丛刊
电子资源:
ISBN: 978-7-100-16725-3
000 01162nam 2200277 450
001 012001009541
005 20191107111642.07
010    @a978-7-100-16725-3@dCNY90.00
099    @aCAL 012019052110
100    @a20190402d2018 em y0chiy50 ea
101 0  @achi
102    @aCN@b110000
105    @aak a 000yy
106    @ar
200 1  @a欧亚译丛@Aou ya yi cong@h第四辑@f余太山, 李锦绣主编
210    @a北京@c商务印书馆@d2018
215    @a348页@c图@d23cm
300    @a本书出版得到中国社会科学院历史研究所“一带一路与中外关系史”重点学科建设经费资助
320    @a有书目
330    @a本书是专门译介国外欧亚内陆史研究成果的学术刊物, 目的是通过精通各类外语的专业译者的努力, 为国内相关学者提供国际学术界在该领域所发表的重要文献和最新成果。本辑为第四辑, 收录的译文有: 《戎与狄, 阿里马斯巴人 (独目人) 与亚马逊人》《南俄的辛梅里安人和斯基泰人 (公元前7-前5世纪) 》《匈奴源流考》《格鲁吉亚文献中的十二生肖纪年法》《禁地拉萨》等。
606 0  @a东方学@Adong fang xue@j丛刊
690    @aK107.8-53@v5
701  0 @a余太山@Ayu tai shan@4主编
701  0 @a李锦绣@Ali jin xiu@4主编
801  0 @aCN@b上海新华@c20191020
905    @b1188587-90@dK107.8-53@e313:4@f4
    
    欧亚译丛.第四辑/余太山, 李锦绣主编.-北京:商务印书馆,2018
    348页:图;23cm
    本书出版得到中国社会科学院历史研究所“一带一路与中外关系史”重点学科建设经费资助
    
    ISBN 978-7-100-16725-3:CNY90.00
    本书是专门译介国外欧亚内陆史研究成果的学术刊物, 目的是通过精通各类外语的专业译者的努力, 为国内相关学者提供国际学术界在该领域所发表的重要文献和最新成果。本辑为第四辑, 收录的译文有: 《戎与狄, 阿里马斯巴人 (独目人) 与亚马逊人》《南俄的辛梅里安人和斯基泰人 (公元前7-前5世纪) 》《匈奴源流考》《格鲁吉亚文献中的十二生肖纪年法》《禁地拉萨》等。
●
相关链接 在E读中查询图书 在五车中查询图书 在当当中查询图书 在豆瓣中查询图书


正题名:欧亚译丛     索取号:K107.8-53/313:4         预约/预借

序号 登录号 条形码 馆藏地/架位号 状态 备注
1 1188587   211885879   第二样本阅览室/ [索取号:K107.8-53/313:4] 在馆    
2 1188588   211885888   第二借阅区/ [索取号:K107.8-53/313:4] 在馆    
3 1188589   211885897   第二借阅区/ [索取号:K107.8-53/313:4] 在馆    
4 1188590   211885904   第二借阅区/ [索取号:K107.8-53/313:4] 在馆    
唐山师范学院图书馆 欢迎您!
大连网信软件有限公司© 版权所有